000 01274cam a2200433 i 4500
001 44437
005 20230411085957.0
008 750930s1976 enk b 001 0 eng
010 _a 75027262
035 _a(OCoLC)ocm01733459
040 _aDLC
_cDLC
_dMUQ
_dBAKER
_dOCLCQ
_dNLM
_dDRFGD
016 7 _a7800922
_2DNLM
020 _a0521210038
020 _a9780521210034
020 _a0521290201 (pbk.)
020 _a9780521290203 (pbk.)
029 1 _aNLGGC
_b760144648
029 1 _aNLM
_b7800922
029 1 _aNZ1
_b2625972
035 _a(OCoLC)1733459
060 0 0 _aHB 881
_bC877d 1976
082 0 _a301.32
049 _aGRAL
100 1 _aCox, Peter R.
245 1 0 _aDemography /
_cPeter R. Cox.
250 _a5a ed.
260 _aCambridge [Eng.] ;
_aNew York :
_bCambridge University Press,
_cc1976.
300 _axi, 393 p. ;
_c24 cm.
504 _aIncludes bibliographical references and indexes.
650 0 _aDemography.
650 6 _aDémographie.
650 2 _aDemography.
650 2 _aPopulation.
938 _aBaker & Taylor
_bBKTY
_c29.95
_d29.95
_i0521290201
_n0000209349
_sactive
938 _aBaker & Taylor
_bBKTY
_c24.95
_d24.95
_i0521076978
_n0001680444
_sactive
942 _2lcc
_cbk
946 _almminaya
994 _aC0
_bDRFGD
999 _c110345
_d110345